000 00634nam a2200241Ia 4500
003 OSt
005 20220918180813.0
006 a|||||r|||| 00| 0
007 ta
008 220917b |||||||| |||| 00| 0 eng d
024 _a24,249
037 _cTextual
040 _aARTS
_cARTS
_beng
041 _2eng
_aeng
082 _aO:u3:N4, H3
100 _aEntwistle William
_957163
245 0 _aLiterature of England, A.D.500-1942
260 _c1943
650 _aENGLISH LITERATURE
700 _a Gillett Eric
_956735
942 _hO:u3:N4, H3
_cTEXL
_2CC
999 _c163223
_d163223